000 00332pab a2200145 454500
008 180718b1991 xxu||||| |||| 00| 0 eng d
100 _aStahl, Michael M.
245 _aManaging a public service career
260 _c1991
300 _a37-9
362 _aSpring
650 _aCareer Service
773 _aBureaucrat
909 _a5156
999 _c5156
_d5156